000 00678nam a2200241 i 4500
001 000030338
003 DO-SdBNP
005 20230503095230.0
007 ta
008 110510s1951 dr 000 | spa d
040 _aDO-SdBNP
_bspa
_cBNPHU
_erda
082 _222
_bS211m
100 _97332
_aSánchez, Juan Francisco
245 0 0 _aUn mundo en crisis /
_cJuan Francisco Sánchez
264 _aCiudad Trujillo :
_bImprenta Montalvo,
_c1951.
300 _a17 paginas. ;
_c25 cm.
336 _2rdacontent
_atexto
_btxt
337 _2rdamedia
_asin mediación
_bn
338 _2rdacarrier
_avolumen
_bnc
590 _aInventariado, 2023 / DG
910 _aDG
942 _2ddc
_cLF2
999 _c53397
_d53397